| 000 | 00849nam a2200217 a 4500 | ||
|---|---|---|---|
| 001 | 000024673 | ||
| 005 | 20200930023313.0 | ||
| 008 | 110202s1966 sp ag r 000 d spa d | ||
| 040 |
_aDO-SdBNP _bspa _cBNPHU |
||
| 082 |
_a862.6 _bB928t |
||
| 100 | 1 |
_aBuero Vallejo, Antonio, _d1916-2000 _917657 |
|
| 245 | 1 | 0 |
_aTeatro selecto de Antonio Buero Vallejo / _cAntonio Buero Vallejo; prólogo Luce Moreau-Arrabal. |
| 260 |
_aMadrid, (España) : _bEscelicer, _c1966. |
||
| 300 |
_a612 p. : _bil., música ; _c18 cm. |
||
| 500 | _aHistoria de una escalera ; Las cartas boca abajo ; Un soñador para un pueblo ; Las Meninas ; El concierto de San Ovidio. | ||
| 600 | 1 | 4 |
_aBUERO VALLEJO, ANTONIO, _d1916-2000 _917657 |
| 650 | 4 |
_aTeatro español _93071 |
|
| 650 | 4 |
_aLiteratura español _921904 |
|
| 700 | 1 |
_aMoreau-Arrabal, Luce _epról. _950594 |
|
| 049 | _aBNGR | ||
| 999 |
_c24166 _d24166 |
||